000 00346nam a2200133Ia 4500
008 100328s9999 xx 000 0 und d
082 _b66648
100 _aभागवत माुराणी.
245 _aफुलोरा.
260 _bपायल.
630 _aफुलोरा.
730 _aफुलोरा.
942 _cBOOK
999 _c552387
_d552384